| 000 | 00788nam0a22002651 4500 | ||
|---|---|---|---|
| 001 | v19\rc\1887237 | ||
| 005 | 20251118180348.4 | ||
| 035 | _a(NLR Aleph) 004975486 | ||
| 090 |
_a6129740 _c6129740 |
||
| 100 | _a20080221d1910 u y0rusy50 ca | ||
| 101 | 0 | _arus | |
| 102 | _aRU | ||
| 105 | _ay z ||||| | ||
| 200 | 1 |
_aГрядущие беды _e[Происхождение и будущность Земли] _fЕ.М. Троицкая |
|
| 210 |
_aСмоленск _cтипо-лит. С. Гуревич _d1910 |
||
| 215 |
_a61 с. _d23 |
||
| 700 | 1 |
_aТроицкая _bЕ.М. |
|
| 801 | 0 |
_aRU _bNLR _gpsbo |
|
| 801 | 0 |
_aRU _bRuMoRGB _2psbo |
|
| 801 | 1 |
_aRU _bProSoft-M _2rusmarc |
|
| 852 |
_aNLR _j34.53.7.848 |
||
| 899 |
_aRuMoRGB _jF 109/499 |
||
| 899 | _aБАН | ||
| 942 | _cBOOK | ||
| 980 | _aNB | ||